00338 a2200109 4500001001000000005001700010008004100027245005400068100002200122773006700144999001700211ART_1258720260410161907.0260409a 10aThe rate of return, taxation and personal savings1 aFeldstein, Martin0 tThe Economic Journalg- Vol. 88, NÂș 351 (set. 1978)wREV12512 c26482d26482